Normal view
MARC view
- Reproductive systems
Entry Topical Term
001 - CONTROL NUMBER
- control field: 86538
003 - CONTROL NUMBER IDENTIFIER
- control field: OSt
005 - DATE AND TIME OF LATEST TRANSACTION
- control field: 20250814102925.0
008 - FIXED-LENGTH DATA ELEMENTS
- fixed length control field: 250814|| aca||aabn | a|a d
040 ## - CATALOGING SOURCE
- Original cataloging agency: OSt
- Transcribing agency: OSt
150 ## - HEADING--TOPICAL TERM
- Topical term or geographic name as entry element: Reproductive systems
670 ## - SOURCE DATA FOUND
- Source citation: Work cat.: (OSt)49292: Midthun, Joseph 86521, The endocrine and reproductive systems /, 2016